000 00569nam a2200181Ia 4500
005 20250508161910.0
008 008 250505s9999 xx 000 0 eng d
037 _aBooks to be hide in OPAC
040 _aFEDL
_beng
_cFEDL
041 _aeng
_2eng
084 _a370, BOO/O
_qFEDL
100 _aBoole Mary Everest
_9771759
245 0 _aMiss education and her garden : A short summary of the educational blunders of half a century
260 _aLondon, UK
_bC. W. Daniel
_c1908
300 _a26p.
942 _cHB
_h370, BOO/O
999 _c1373054
_d1373054